| 000 | 00418nam a22001577a 4500 | ||
|---|---|---|---|
| 999 |
_c479968 _d479968 |
||
| 003 | ASAB | ||
| 005 | 20200308165108.0 | ||
| 008 | 160201t xxu||||| |||| 00| 0 eng d | ||
| 038 | _aATTAULLAH | ||
| 040 | _cASAB | ||
| 082 | _a0 | ||
| 100 |
_aRabbia mehdi-sup-Dr. Aneela Javed _928853 |
||
| 245 | _aTh-mphil-Evaluating the expression of FAM26F gene in different viral infections | ||
| 300 | _a61 | ||
| 942 |
_2ddc _cTHE |
||